000 00700nam0a22002411 4500
001 rc\1180098
005 20250622211753.0
035 _a(NLR Aleph) 006422284
090 _a5461270
_c5461270
100 _a20041129d1980 |||y0rusy50 ca
101 0 _arus
102 _aRU
105 _ay |||||||||
200 1 _aКинетическая теория электромагнитных процессов
210 _aМ.
_cНаука
_d1980
215 _a373 с.
_d22
320 _aБиблиогр.: с. 359-368
700 1 _aКлимонтович
_bЮ.Л.
_gЮрий Львович
801 0 _aRU
_bNLR
_gpsbo
801 1 _aRU
_bELAR
_2rusmarc
852 _aNLR
_j80-5/3335
942 _cBOOK
980 _aNB